| 000 | 00642nam a2200133Ia 4500 | ||
|---|---|---|---|
| 008 | 171212s9999 xx 000 0 und d | ||
| 020 | _a9780833042002 | ||
| 100 | _aSchirmer, Peter;Crowley, James C.;Blacker, Nancy E.;Brennan, Richard R. Jr.;Leonard, Henry A. | ||
| 245 |
_cSchirmer, Peter;Crowley, James C.;Blacker, Nancy E.;Brennan, Richard R. Jr.;Leonard, Henry A. _aLeader Development in Army Units _bViews from the Field |
||
| 260 |
_bRAND Corporation _c2008 |
||
| 650 | _aHistory | ||
| 650 | _aUnited States. Army -- Officers -- Training of; Command of troops; Leadership -- United States | ||
| 856 | _uwww.jstor.org/stable/10.7249/mg648a | ||
| 999 |
_c352257 _d352257 |
||